गंमत शाळा / (Record no. 78856)

MARC details
000 -LEADER
fixed length control field 00769nam a22002177a 4500
005 - DATE AND TIME OF LATEST TRANSACTION
control field 20130827142413.0
008 - FIXED-LENGTH DATA ELEMENTS--GENERAL INFORMATION
fixed length control field 110328t xxu||||| |||| 00| 0 mar d
010 ## - LCCN (DPL NO)
LC control number MAR-23536
020 ## - INTERNATIONAL STANDARD BOOK NUMBER
Terms of availability 100.00
International Standard Book Number 9788174345950
035 ## - SYSTEM CONTROL NUMBER
System control number MR-16194
037 ## - SOURCE OF ACQUISITION
Source of stock number/acquisition DBAD / PUB
040 ## - CATALOGING SOURCE
Original cataloging agency DPL
Language of cataloging MR
082 ## - DEWEY DECIMAL CLASSIFICATION NUMBER
Classification number 500
100 ## - MAIN ENTRY--PERSONAL NAME
Personal name तांबे,राजीव
9 (RLIN) 26802
245 ## - TITLE STATEMENT
Title गंमत शाळा /
Statement of responsibility, etc राजीव तांबे
246 ## - VARYING FORM OF TITLE
Title proper/short title Gammt Shala
Remainder of title by Rajeev Tambe
260 ## - PUBLICATION, DISTRIBUTION, ETC. (IMPRINT)
Place of publication, distribution, etc पुणे
Name of publisher, distributor, etc राजहंस प्रकाशन
Date of publication, distribution, etc 2011
270 ## - ADDRESS
Address 1025, सदाशिव पेठ
City पुणे
Postal code 411030
300 ## - PHYSICAL DESCRIPTION
Extent भा.2,122पृ
Dimensions 22सेमी (अजिल्द)
942 ## - ADDED ENTRY ELEMENTS (KOHA)
Source of classification or shelving scheme Dewey Decimal Classification
Item type Marathi Books
Classification part 500
Call number suffix तांबेरा
Holdings
Withdrawn status Lost status Source of classification or shelving scheme Materials specified (bound volume or other part) Damaged status Not for loan Collection code Home library Current library Date acquired Source of acquisition Cost, normal purchase price Total Checkouts Full call number Barcode Date last seen Copy number Cost, replacement price Koha item type Public note
    Dewey Decimal Classification भा.2   Not For Loan Non-fiction D.B.Act.Division D.B.Act.Division 27/08/2013 DBAD / PUB 100.00   500 तांबेरा MR-16194 27/08/2013 1 100.00 Marathi Books भा.2

© Delhi Public Library
Hit Counter
free hit counter